000 00876nam a2200253Ia 4500
003 OSt
005 20220923220647.0
006 a|||||r|||| 00| 0
007 ta
008 220922b |||||||| |||| 00| 0 hin d
024 _a188,747
037 _cTextual
040 _aARTS
_cARTS
_bhin
041 _2hin
_ahin
082 _aO152,2M87x, M5
100 _aमुंशी, कन्हैया लाल माणिक लाल
_9164542
245 0 _aलोपासुछा
246 _aLopāsuchhā
260 _aनयी दिल्ली
_b राजकमल प्रकाशान
_c1985
300 _a306 पृ.
_ccm.
490 _aआर्घावर्त की महागाथा
942 _hO152,2M87x, M5
_cTEXL
_2CC
999 _c341641
_d341641